Statistiken für Namen, die auf -bert enden

Klicken Sie hier um das Quiz zu spielen!

Allgemein

  • Dieses Quiz wurde 949 mal gespielt
  • Das Durchschnittsergebnis liegt bei 5 aus 10

Antwortstatistiken

VornameNachname(n)% Korrekt
HerbertFeuerstein, Grönemeyer
93%
AlbertCamus, Schweitzer, Einstein
87%
DagobertDuck
78%
RobertSchumann, Koch, Oppenheimer
58%
NorbertLammert, Röttgen, Blüm
52%
HubertKah, von Goisern
45%
HeribertBruchhagen, Faßbender
33%
Adalbertvon Chamisso, Stifter
28%
EngelbertHumperdinck
26%
GilbertO'Sullivan, Bécaud
18%

Verteilung der Resultate

Perzentil nach korrekt beantworteten Fragen

Anzahl Personen mit jedem Resultat

Ihre Resultats-Entwicklung

Sie haben dieses Quiz noch nicht gespielt